000 00854pam a2200289 a 4500
999 _c415
_d415
001 4360198
003 OSt
005 20191011151415.0
008 900509s1991 paua b 001 0 eng c
010 _a 90008653
020 _a9780721639949
020 _a0721630871
040 _aDNLM/DLC
_cDLC
_dDLC
050 0 0 _aQP34.5
_b.G9 1991
060 _aQT 104 G992t
082 0 0 _aQT104 G994T 1991
_220
100 1 _aGuyton, Arthur C.
_91016
245 1 0 _aTextbook of Medical Physiology
250 _a8th ed.
260 _aPhiladelphia :
_bSaunders,
_c1991.
300 _axli, 1014 p. :
_bill. (some col.) ;
_c29 cm.
504 _aIncludes bibliographical references and index.
650 0 _aHuman physiology.
_9133
906 _a7
_bcbc
_corignew
_d1
_eocip
_f19
_gy-gencatlg
942 _2z
_cSLOAN